[Event "DEM U18 2023"]
[Site "Willingen GER"]
[Date "2023.05.30"]
[Round "4"]
[White "Haack, Kevin"]
[Black "Pikalow, Michael"]
[Result "1-0"]
[Termination "normal"]
[Board "8"]
[WhiteTitle "FM"]
[WhiteElo "2303"]
[BlackElo "2147"]
[WhiteClock "01:17:11"]
[BlackClock "00:45:32"]
[PlyCount "41"]
[WhiteFideId "16228715"]
[BlackFideId "16227638"]
[EventCountry "GER"]
[EventRounds "9"]
[EventType "swiss"]
[EventDate "2023.05.27"]

1. e4 {[%clk 01:30:54]} {[%emt 00:00:05]} c5 {[%clk 01:30:00]} {[%emt
00:01:01]} 2. Nc3 {[%clk 01:31:03]} {[%emt 00:00:19]} d6 {[%clk 01:27:45]}
{[%emt 00:02:57]} 3. d4 {[%clk 01:31:03]} {[%emt 00:00:24]} cxd4 {[%clk
01:27:57]} {[%emt 00:00:14]} 4. Qxd4 {[%clk 01:31:25]} {[%emt 00:00:11]} Nc6
{[%clk 01:28:24]} {[%emt 00:00:03]} 5. Qd2 {[%clk 01:31:40]} {[%emt 00:00:12]}
g6 {[%clk 01:28:48]} {[%emt 00:00:06]} 6. b3 {[%clk 01:31:34]} {[%emt
00:00:37]} Bh6 {[%clk 01:29:16]} 7. f4 {[%clk 01:31:44]} {[%emt 00:00:20]} e5
{[%clk 01:29:33]} {[%emt 00:00:14]} 8. Nb5 {[%clk 01:31:05]} {[%emt 00:01:11]}
Bxf4 {[%clk 01:10:04]} {[%emt 00:19:56]} 9. Qxd6 {[%clk 01:31:11]} {[%emt
00:00:24]} Qxd6 {[%clk 01:08:00]} {[%emt 00:02:35]} 10. Nxd6+ {[%clk 01:31:35]}
{[%emt 00:00:07]} Kf8 {[%clk 01:04:25]} {[%emt 00:04:04]} 11. Ba3 {[%clk
01:31:56]} {[%emt 00:00:11]} Kg7 {[%clk 01:03:11]} {[%emt 00:01:43]} 12. Ne8+
{[%clk 01:32:13]} {[%emt 00:00:12]} Kh6 {[%clk 01:02:30]} {[%emt 00:01:10]} 13.
Bf8+ {[%clk 01:32:37]} {[%emt 00:00:06]} Kh5 {[%clk 01:01:42]} {[%emt
00:01:18]} 14. Ng7+ {[%clk 01:19:11]} {[%emt 00:13:57]} Kg5 {[%clk 00:54:54]}
{[%emt 00:07:20]} 15. Nf3+ {[%clk 01:19:20]} {[%emt 00:00:19]} Kh6 {[%clk
00:49:33]} {[%emt 00:05:51]} 16. Nf5+ {[%clk 01:18:15]} {[%emt 00:01:35]} Kh5
{[%clk 00:49:47]} {[%emt 00:00:16]} 17. Ng3+ {[%clk 01:18:24]} {[%emt
00:00:21]} Kg4 {[%clk 00:48:17]} {[%emt 00:02:00]} 18. Kf2 {[%clk 01:18:42]}
{[%emt 00:00:11]} Bh6 {[%clk 00:45:50]} {[%emt 00:02:58]} 19. h3+ {[%clk
01:17:17]} {[%emt 00:01:55]} Kf4 {[%clk 00:46:10]} {[%emt 00:00:10]} 20. Bd3
{[%clk 01:17:03]} {[%emt 00:00:46]} Nd4 {[%clk 00:45:32]} {[%emt 00:01:06]} 21.
Nh5+ {[%clk 01:17:11]} {[%emt 00:00:22]} 1-0

[Event "DEM U18 2023"]
[Site "Willingen GER"]
[Date "2023.05.30"]
[Round "4"]
[White "Nied, Pascal"]
[Black "Eull, Emil"]
[Result "1-0"]
[Termination "normal"]
[Board "9"]
[WhiteElo "2189"]
[BlackElo "1937"]
[WhiteClock "00:05:18"]
[BlackClock "00:09:57"]
[PlyCount "73"]
[WhiteFideId "16260597"]
[BlackFideId "16253809"]
[EventCountry "GER"]
[EventRounds "9"]
[EventType "swiss"]
[EventDate "2023.05.27"]

1. e4 {[%clk 01:30:57]} {[%emt 00:00:02]} c6 {[%clk 01:30:44]} {[%emt
00:00:20]} 2. d4 {[%clk 01:31:23]} {[%emt 00:00:01]} d5 {[%clk 01:31:06]}
{[%emt 00:00:08]} 3. exd5 {[%clk 01:31:42]} {[%emt 00:00:11]} cxd5 {[%clk
01:31:30]} {[%emt 00:00:06]} 4. Bd3 {[%clk 01:32:09]} {[%emt 00:00:03]} Nc6
{[%clk 01:31:27]} {[%emt 00:00:34]} 5. c3 {[%clk 01:32:32]} {[%emt 00:00:07]}
Nf6 {[%clk 01:30:20]} {[%emt 00:01:37]} 6. Bf4 {[%clk 01:32:55]} {[%emt
00:00:14]} Bg4 {[%clk 01:29:33]} {[%emt 00:01:34]} 7. Qb3 {[%clk 01:33:19]} Qd7
{[%clk 01:29:41]} {[%emt 00:00:04]} 8. Nd2 {[%clk 01:33:42]} {[%emt 00:00:10]}
e6 {[%clk 01:29:38]} {[%emt 00:00:31]} 9. Ngf3 {[%clk 01:34:06]} {[%emt
00:00:06]} Bd6 {[%clk 01:26:03]} {[%emt 00:04:03]} 10. Bxd6 {[%clk 01:34:30]}
{[%emt 00:00:06]} Qxd6 {[%clk 01:26:29]} {[%emt 00:00:05]} 11. O-O {[%clk
01:34:54]} {[%emt 00:00:06]} O-O {[%clk 01:25:59]} {[%emt 00:01:00]} 12. Rae1
{[%clk 01:35:16]} {[%emt 00:00:07]} Bxf3 {[%clk 01:25:23]} {[%emt 00:01:07]}
13. Nxf3 {[%clk 01:35:05]} {[%emt 00:00:41]} Qc7 {[%clk 01:25:20]} {[%emt
00:00:33]} 14. Qd1 {[%clk 01:35:29]} {[%emt 00:00:06]} Rab8 {[%clk 01:23:45]}
{[%emt 00:02:05]} 15. Qe2 {[%clk 01:35:50]} {[%emt 00:00:08]} a6 {[%clk
01:18:19]} {[%emt 00:05:56]} 16. a4 {[%clk 01:32:06]} {[%emt 00:04:14]} Na5
{[%clk 01:12:00]} {[%emt 00:06:49]} 17. Ne5 {[%clk 01:32:22]} {[%emt 00:00:13]}
b5 {[%clk 01:10:49]} {[%emt 00:01:41]} 18. f4 {[%clk 01:00:00]} {[%emt
00:32:53]} Nc4 {[%clk 01:02:51]} {[%emt 00:08:28]} 19. Rf3 {[%clk 00:49:59]}
{[%emt 00:10:30]} Nd6 {[%clk 00:47:53]} {[%emt 00:15:27]} 20. Rh3 {[%clk
00:45:33]} {[%emt 00:04:57]} g6 {[%clk 00:43:39]} {[%emt 00:04:43]} 21. Qf2
{[%clk 00:38:57]} {[%emt 00:07:06]} Kg7 {[%clk 00:39:51]} {[%emt 00:04:18]} 22.
g4 {[%clk 00:34:46]} {[%emt 00:04:40]} Rh8 {[%clk 00:34:14]} {[%emt 00:06:08]}
23. f5 {[%clk 00:19:47]} {[%emt 00:15:32]} exf5 {[%clk 00:18:32]} {[%emt
00:16:12]} 24. gxf5 {[%clk 00:19:51]} {[%emt 00:00:25]} Nfe4 {[%clk 00:18:10]}
{[%emt 00:00:56]} 25. Bxe4 {[%clk 00:13:32]} {[%emt 00:06:44]} dxe4 {[%clk
00:18:32]} {[%emt 00:00:11]} 26. f6+ {[%clk 00:12:56]} {[%emt 00:01:05]} Kg8
{[%clk 00:18:53]} {[%emt 00:00:07]} 27. axb5 {[%clk 00:11:25]} {[%emt
00:02:01]} Rxb5 {[%clk 00:16:16]} {[%emt 00:03:07]} 28. c4 {[%clk 00:08:59]}
{[%emt 00:02:58]} Rb4 {[%clk 00:15:01]} {[%emt 00:01:44]} 29. c5 {[%clk
00:07:58]} {[%emt 00:01:30]} Nf5 {[%clk 00:09:42]} {[%emt 00:05:49]} 30. Rxe4
{[%clk 00:08:13]} {[%emt 00:00:15]} h5 {[%clk 00:09:11]} {[%emt 00:01:00]} 31.
c6 {[%clk 00:05:49]} {[%emt 00:02:54]} Qb6 {[%clk 00:08:13]} {[%emt 00:01:28]}
32. Qxf5 {[%clk 00:04:48]} {[%emt 00:01:31]} Rxb2 {[%clk 00:08:36]} {[%emt
00:00:07]} 33. Qc8+ {[%clk 00:04:07]} {[%emt 00:01:11]} Kh7 {[%clk 00:09:05]}
{[%emt 00:00:01]} 34. Rxh5+ {[%clk 00:04:30]} {[%emt 00:00:07]} gxh5 {[%clk
00:09:29]} {[%emt 00:00:06]} 35. Qf5+ {[%clk 00:04:56]} {[%emt 00:00:03]} Kg8
{[%clk 00:09:40]} {[%emt 00:00:19]} 36. Qg5+ {[%clk 00:05:18]} {[%emt
00:00:08]} Kf8 {[%clk 00:09:57]} {[%emt 00:00:13]} 37. Nd7# {[%emt 00:00:06]}
1-0

[Event "DEM U18 2023"]
[Site "Willingen GER"]
[Date "2023.05.30"]
[Round "4"]
[White "Großmann, Piet"]
[Black "Weihrauch, Jakob"]
[Result "0-1"]
[Termination "normal"]
[Board "10"]
[WhiteElo "1935"]
[BlackElo "2291"]
[WhiteClock "00:17:32"]
[BlackClock "00:13:22"]
[PlyCount "70"]
[WhiteFideId "16234359"]
[BlackFideId "16210115"]
[EventCountry "GER"]
[EventRounds "9"]
[EventType "swiss"]
[EventDate "2023.05.27"]

1. e4 {[%clk 01:30:57]} {[%emt 00:00:03]} c5 {[%clk 01:30:55]} {[%emt
00:00:06]} 2. Nf3 {[%clk 01:31:12]} {[%emt 00:00:15]} d6 {[%clk 01:31:21]}
{[%emt 00:00:05]} 3. d4 {[%clk 01:31:30]} {[%emt 00:00:12]} cxd4 {[%clk
01:31:47]} {[%emt 00:00:04]} 4. Nxd4 {[%clk 01:31:56]} {[%emt 00:00:04]} Nf6
{[%clk 01:32:12]} {[%emt 00:00:04]} 5. Nc3 {[%clk 01:32:23]} {[%emt 00:00:07]}
a6 {[%clk 01:32:39]} 6. Be3 {[%clk 01:32:28]} {[%emt 00:00:24]} e5 {[%clk
01:33:01]} {[%emt 00:00:08]} 7. Nb3 {[%clk 01:32:54]} {[%emt 00:00:08]} Be6
{[%clk 01:33:26]} {[%emt 00:00:02]} 8. f3 {[%clk 01:33:20]} {[%emt 00:00:07]}
Be7 {[%clk 01:33:47]} {[%emt 00:00:05]} 9. Qd2 {[%clk 01:33:45]} {[%emt
00:00:09]} h5 {[%clk 01:34:13]} 10. Nd5 {[%clk 01:34:05]} {[%emt 00:00:10]}
Nxd5 {[%clk 01:34:10]} {[%emt 00:00:35]} 11. exd5 {[%clk 01:34:30]} {[%emt
00:00:03]} Bf5 {[%clk 01:34:36]} {[%emt 00:00:08]} 12. Be2 {[%clk 01:34:55]}
{[%emt 00:00:04]} Bh4+ {[%clk 01:30:55]} {[%emt 00:04:08]} 13. g3 {[%clk
01:35:18]} {[%emt 00:00:07]} Bf6 {[%clk 01:31:10]} {[%emt 00:00:15]} 14. c4
{[%clk 01:22:38]} {[%emt 00:13:10]} a5 {[%clk 01:24:58]} {[%emt 00:06:43]} 15.
Rc1 {[%clk 01:18:37]} {[%emt 00:04:30]} Nd7 {[%clk 01:12:16]} {[%emt 00:13:14]}
16. O-O {[%clk 01:01:52]} {[%emt 00:17:14]} b6 {[%clk 00:59:54]} {[%emt
00:12:52]} 17. Bd3 {[%clk 00:54:32]} {[%emt 00:07:51]} Bh3 {[%clk 00:52:06]}
{[%emt 00:08:17]} 18. Rfe1 {[%clk 00:53:44]} {[%emt 00:01:18]} a4 {[%clk
00:51:49]} {[%emt 00:00:48]} 19. Na1 {[%clk 00:54:06]} {[%emt 00:00:07]} Nc5
{[%clk 00:48:48]} {[%emt 00:03:31]} 20. Nc2 {[%clk 00:52:39]} {[%emt 00:01:59]}
Kf8 {[%clk 00:39:59]} {[%emt 00:09:17]} 21. Nb4 {[%clk 00:49:07]} {[%emt
00:04:01]} Qd7 {[%clk 00:36:29]} {[%emt 00:04:01]} 22. Bf1 {[%clk 00:45:52]}
{[%emt 00:03:45]} e4 {[%clk 00:31:32]} {[%emt 00:05:27]} 23. Bd4 {[%clk
00:34:37]} {[%emt 00:11:44]} Bxd4+ {[%clk 00:27:48]} {[%emt 00:04:15]} 24. Qxd4
{[%clk 00:35:02]} {[%emt 00:00:05]} exf3 {[%clk 00:27:13]} {[%emt 00:01:05]}
25. Qf4 {[%clk 00:33:32]} {[%emt 00:01:59]} Bg4 {[%clk 00:18:53]} {[%emt
00:08:51]} 26. Nc6 {[%clk 00:31:15]} {[%emt 00:02:47]} Rh6 {[%clk 00:19:06]}
{[%emt 00:00:17]} 27. Re7 {[%clk 00:23:51]} {[%emt 00:07:54]} Qf5 {[%clk
00:19:28]} {[%emt 00:00:08]} 28. Qe3 {[%clk 00:23:07]} {[%emt 00:01:15]} Rf6
{[%clk 00:18:27]} {[%emt 00:01:32]} 29. Kf2 {[%clk 00:21:00]} {[%emt 00:02:37]}
h4 {[%clk 00:14:18]} {[%emt 00:04:41]} 30. Nd4 {[%clk 00:20:50]} {[%emt
00:00:35]} hxg3+ {[%clk 00:14:33]} {[%emt 00:00:16]} 31. Kxg3 {[%clk 00:19:43]}
{[%emt 00:01:38]} Qg6 {[%clk 00:14:20]} {[%emt 00:00:44]} 32. Kf2 {[%clk
00:19:25]} {[%emt 00:00:47]} Qh5 {[%clk 00:14:30]} {[%emt 00:00:19]} 33. Kg3
{[%clk 00:18:07]} {[%emt 00:01:48]} Rg6 {[%clk 00:14:27]} {[%emt 00:00:33]} 34.
Nc6 {[%clk 00:17:11]} {[%emt 00:01:28]} Bh3+ {[%clk 00:13:08]} {[%emt
00:01:47]} 35. Kf2 {[%clk 00:17:32]} {[%emt 00:00:08]} Qh4+ {[%clk 00:13:22]}
{[%emt 00:00:16]} 0-1

[Event "DEM U18 2023"]
[Site "Willingen GER"]
[Date "2023.05.30"]
[Round "4"]
[White "Evering, Sören"]
[Black "Müller, Magnus"]
[Result "1/2-1/2"]
[Termination "normal"]
[Board "11"]
[WhiteElo "2061"]
[BlackElo "2210"]
[WhiteClock "00:23:47"]
[BlackClock "00:34:48"]
[PlyCount "119"]
[WhiteFideId "12974650"]
[BlackFideId "16230060"]
[EventCountry "GER"]
[EventRounds "9"]
[EventType "swiss"]
[EventDate "2023.05.27"]

1. e4 {[%clk 01:30:56]} {[%emt 00:00:03]} c5 {[%clk 01:30:46]} {[%emt
00:00:14]} 2. Nf3 {[%clk 01:31:18]} {[%emt 00:00:07]} d6 {[%clk 01:30:57]}
{[%emt 00:00:20]} 3. d4 {[%clk 01:31:42]} {[%emt 00:00:05]} cxd4 {[%clk
01:31:24]} {[%emt 00:00:05]} 4. Nxd4 {[%clk 01:32:06]} {[%emt 00:00:08]} Nf6
{[%clk 01:31:50]} {[%emt 00:00:10]} 5. Nc3 {[%clk 01:32:18]} {[%emt 00:00:11]}
Nc6 {[%clk 01:32:16]} {[%emt 00:00:03]} 6. f3 {[%clk 01:30:57]} {[%emt
00:01:51]} e5 {[%clk 01:32:16]} {[%emt 00:00:31]} 7. Nb3 {[%clk 01:31:15]}
{[%emt 00:00:12]} Be6 {[%clk 01:30:51]} {[%emt 00:01:54]} 8. Nd5 {[%clk
01:31:04]} {[%emt 00:00:42]} Be7 {[%clk 01:31:16]} {[%emt 00:00:07]} 9. Be3
{[%clk 01:30:57]} {[%emt 00:00:33]} O-O {[%clk 01:31:41]} {[%emt 00:00:10]} 10.
Qd2 {[%clk 01:29:34]} {[%emt 00:01:47]} Bxd5 {[%clk 01:11:45]} {[%emt
00:20:26]} 11. exd5 {[%clk 01:29:58]} {[%emt 00:00:07]} Nb8 {[%clk 01:12:10]}
{[%emt 00:00:04]} 12. O-O-O {[%clk 01:22:33]} {[%emt 00:07:56]} Nbd7 {[%clk
01:11:40]} {[%emt 00:01:02]} 13. Kb1 {[%clk 01:21:08]} {[%emt 00:01:52]} e4
{[%clk 01:00:25]} {[%emt 00:11:45]} 14. f4 {[%clk 01:17:23]} {[%emt 00:04:17]}
Nb6 {[%clk 00:46:50]} {[%emt 00:14:02]} 15. c4 {[%clk 01:15:38]} {[%emt
00:02:18]} Rc8 {[%clk 00:42:14]} {[%emt 00:05:08]} 16. Rc1 {[%clk 01:13:42]}
{[%emt 00:02:22]} Ng4 {[%clk 00:41:48]} {[%emt 00:00:56]} 17. Bg1 {[%clk
01:09:55]} {[%emt 00:04:15]} Bf6 {[%clk 00:39:03]} {[%emt 00:03:20]} 18. Qe2
{[%clk 01:06:23]} {[%emt 00:03:59]} h5 {[%clk 00:36:22]} {[%emt 00:03:10]} 19.
h3 {[%clk 00:50:16]} {[%emt 00:16:37]} Nh6 {[%clk 00:35:53]} {[%emt 00:00:58]}
20. Qxe4 {[%clk 00:35:43]} {[%emt 00:15:03]} Re8 {[%clk 00:35:22]} {[%emt
00:01:02]} 21. Qd3 {[%clk 00:33:41]} {[%emt 00:02:31]} Na4 {[%clk 00:31:59]}
{[%emt 00:03:53]} 22. Bd4 {[%clk 00:33:13]} {[%emt 00:00:58]} b5 {[%clk
00:28:42]} {[%emt 00:03:47]} 23. Bxf6 {[%clk 00:13:05]} {[%emt 00:20:38]} Qxf6
{[%clk 00:29:03]} {[%emt 00:00:08]} 24. Qd4 {[%clk 00:13:01]} {[%emt 00:00:37]}
Qg6+ {[%clk 00:26:03]} {[%emt 00:03:29]} 25. Qd3 {[%clk 00:09:59]} {[%emt
00:03:31]} Qf6 {[%clk 00:23:46]} {[%emt 00:02:51]} 26. Qd4 {[%clk 00:10:22]}
{[%emt 00:00:04]} Qg6+ {[%clk 00:22:52]} {[%emt 00:01:23]} 27. Qd3 {[%clk
00:08:02]} {[%emt 00:02:52]} Nf5 {[%clk 00:23:02]} {[%emt 00:00:18]} 28. g4
{[%clk 00:08:18]} {[%emt 00:00:14]} Qf6 {[%clk 00:22:51]} {[%emt 00:00:40]} 29.
Rh2 {[%clk 00:08:11]} {[%emt 00:00:38]} Ne3 {[%clk 00:20:40]} {[%emt 00:02:40]}
30. Qd4 {[%clk 00:06:15]} {[%emt 00:02:27]} Qh4 {[%clk 00:20:04]} {[%emt
00:01:07]} 31. Re2 {[%clk 00:03:34]} {[%emt 00:03:10]} Nxf1 {[%clk 00:15:03]}
{[%emt 00:05:31]} 32. Rxe8+ {[%clk 00:03:55]} {[%emt 00:00:09]} Rxe8 {[%clk
00:15:28]} {[%emt 00:00:04]} 33. Rxf1 {[%clk 00:04:22]} {[%emt 00:00:04]} Qxh3
{[%clk 00:15:36]} {[%emt 00:00:22]} 34. Rg1 {[%clk 00:03:20]} {[%emt 00:01:31]}
hxg4 {[%clk 00:14:19]} {[%emt 00:01:48]} 35. cxb5 {[%clk 00:03:46]} {[%emt
00:00:04]} Nb6 {[%clk 00:14:27]} {[%emt 00:00:22]} 36. Nc1 {[%clk 00:02:48]}
{[%emt 00:01:29]} Qf3 {[%clk 00:14:41]} {[%emt 00:00:15]} 37. Ka1 {[%clk
00:00:34]} {[%emt 00:02:44]} Re4 {[%clk 00:13:28]} {[%emt 00:01:43]} 38. Qd2
{[%clk 00:00:34]} {[%emt 00:00:30]} Rxf4 {[%clk 00:13:33]} {[%emt 00:00:25]}
39. Ne2 {[%clk 00:00:50]} {[%emt 00:00:15]} Rf5 {[%clk 00:13:15]} {[%emt
00:00:48]} 40. Nd4 {[%clk 00:00:35]} {[%emt 00:00:46]} Qf1+ {[%clk 00:09:03]}
{[%emt 00:04:41]} 41. Qe1 {[%clk 00:30:21]} {[%emt 00:00:43]} Qxe1+ {[%clk
00:39:18]} {[%emt 00:00:16]} 42. Rxe1 {[%clk 00:30:47]} {[%emt 00:00:04]} Rxd5
{[%clk 00:39:42]} {[%emt 00:00:06]} 43. Nc6 {[%clk 00:29:55]} {[%emt 00:01:22]}
Rxb5 {[%clk 00:39:41]} {[%emt 00:00:30]} 44. b3 {[%clk 00:29:45]} {[%emt
00:00:39]} g3 {[%clk 00:39:39]} {[%emt 00:00:32]} 45. Nxa7 {[%clk 00:28:00]}
{[%emt 00:02:16]} Rg5 {[%clk 00:39:54]} {[%emt 00:00:15]} 46. Nc6 {[%clk
00:28:24]} {[%emt 00:00:06]} g2 {[%clk 00:39:55]} {[%emt 00:00:29]} 47. Rg1
{[%clk 00:28:50]} {[%emt 00:00:04]} f5 {[%clk 00:39:34]} {[%emt 00:00:51]} 48.
a4 {[%clk 00:28:10]} {[%emt 00:01:11]} f4 {[%clk 00:39:16]} {[%emt 00:00:47]}
49. Nd4 {[%clk 00:28:08]} {[%emt 00:00:32]} Nd5 {[%clk 00:38:06]} {[%emt
00:01:41]} 50. a5 {[%clk 00:27:49]} {[%emt 00:00:49]} Ne3 {[%clk 00:37:13]}
{[%emt 00:01:23]} 51. b4 {[%clk 00:28:15]} {[%emt 00:00:04]} Nc2+ {[%clk
00:34:58]} {[%emt 00:02:45]} 52. Nxc2 {[%clk 00:28:25]} {[%emt 00:00:19]} f3
{[%clk 00:35:25]} {[%emt 00:00:03]} 53. Ne3 {[%clk 00:25:54]} {[%emt 00:03:01]}
f2 {[%clk 00:35:48]} {[%emt 00:00:07]} 54. Rxg2 {[%clk 00:24:53]} {[%emt
00:01:32]} Rxg2 {[%clk 00:35:26]} {[%emt 00:00:52]} 55. a6 {[%clk 00:25:02]}
{[%emt 00:00:22]} Rg1+ {[%clk 00:34:22]} {[%emt 00:01:33]} 56. Kb2 {[%clk
00:24:56]} {[%emt 00:00:36]} Re1 {[%clk 00:34:29]} {[%emt 00:00:23]} 57. a7
{[%clk 00:24:19]} {[%emt 00:01:08]} Re2+ {[%clk 00:34:53]} {[%emt 00:00:09]}
58. Kb1 {[%clk 00:23:49]} {[%emt 00:00:55]} Re1+ {[%clk 00:35:00]} {[%emt
00:00:25]} 59. Kb2 {[%clk 00:23:34]} {[%emt 00:00:45]} Re2+ {[%clk 00:34:48]}
{[%emt 00:00:42]} 60. Kb1 {[%clk 00:23:47]} {[%emt 00:00:17]} 1/2-1/2

[Event "DEM U18 2023"]
[Site "Willingen GER"]
[Date "2023.05.30"]
[Round "4"]
[White "Matthäi, Jakob"]
[Black "Wurmbauer, Nils"]
[Result "1-0"]
[Termination "normal"]
[Board "12"]
[WhiteElo "2046"]
[BlackElo "1995"]
[WhiteClock "00:00:57"]
[BlackClock "00:01:41"]
[PlyCount "87"]
[WhiteFideId "16240421"]
[BlackFideId "16253337"]
[EventCountry "GER"]
[EventRounds "9"]
[EventType "swiss"]
[EventDate "2023.05.27"]

1. e4 {[%clk 01:30:58]} {[%emt 00:00:01]} e5 {[%clk 01:30:54]} {[%emt
00:00:07]} 2. Nf3 {[%clk 01:31:24]} {[%emt 00:00:03]} Nc6 {[%clk 01:31:21]}
{[%emt 00:00:02]} 3. Bb5 {[%clk 01:31:51]} {[%emt 00:00:03]} a6 {[%clk
01:31:35]} {[%emt 00:00:16]} 4. Bxc6 {[%clk 01:32:16]} {[%emt 00:00:05]} dxc6
{[%clk 01:32:01]} {[%emt 00:00:05]} 5. O-O {[%clk 01:32:40]} {[%emt 00:00:04]}
Bg4 {[%clk 01:32:15]} {[%emt 00:00:17]} 6. h3 {[%clk 01:33:05]} {[%emt
00:00:05]} Bh5 {[%clk 01:32:41]} {[%emt 00:00:05]} 7. d3 {[%clk 01:33:25]}
{[%emt 00:00:09]} f6 {[%clk 01:29:47]} {[%emt 00:03:31]} 8. Be3 {[%clk
01:32:23]} {[%emt 00:01:28]} Bd6 {[%clk 01:28:44]} {[%emt 00:01:32]} 9. Nbd2
{[%clk 01:31:21]} {[%emt 00:01:30]} Ne7 {[%clk 01:26:46]} {[%emt 00:02:28]} 10.
Nb3 {[%clk 01:20:56]} {[%emt 00:10:56]} b6 {[%clk 01:00:10]} {[%emt 00:27:05]}
11. Qe2 {[%clk 01:07:57]} {[%emt 00:13:28]} c5 {[%clk 00:54:20]} {[%emt
00:06:23]} 12. c3 {[%clk 01:07:18]} {[%emt 00:01:07]} Qd7 {[%clk 00:41:20]}
{[%emt 00:13:30]} 13. Rfd1 {[%clk 01:00:31]} {[%emt 00:07:16]} Qb5 {[%clk
00:34:35]} {[%emt 00:07:16]} 14. Rab1 {[%clk 00:46:29]} {[%emt 00:14:32]} O-O
{[%clk 00:32:48]} {[%emt 00:02:17]} 15. Nbd2 {[%clk 00:45:21]} {[%emt
00:01:38]} Kh8 {[%clk 00:27:18]} {[%emt 00:06:00]} 16. b3 {[%clk 00:40:44]}
{[%emt 00:05:07]} g5 {[%clk 00:22:52]} {[%emt 00:04:57]} 17. Nc4 {[%clk
00:38:23]} {[%emt 00:02:50]} Qe8 {[%clk 00:20:49]} {[%emt 00:02:33]} 18. d4
{[%clk 00:27:51]} {[%emt 00:11:02]} g4 {[%clk 00:19:32]} {[%emt 00:01:47]} 19.
hxg4 {[%clk 00:28:06]} {[%emt 00:00:15]} Bxg4 {[%clk 00:19:55]} {[%emt
00:00:06]} 20. dxc5 {[%clk 00:26:38]} {[%emt 00:01:58]} Bxc5 {[%clk 00:17:51]}
{[%emt 00:02:34]} 21. Bxc5 {[%clk 00:22:51]} {[%emt 00:04:17]} bxc5 {[%clk
00:18:15]} {[%emt 00:00:09]} 22. Ne3 {[%clk 00:22:44]} {[%emt 00:00:34]} Bh5
{[%clk 00:17:36]} {[%emt 00:01:10]} 23. Nd5 {[%clk 00:20:13]} {[%emt 00:03:01]}
Ng6 {[%clk 00:17:15]} {[%emt 00:00:51]} 24. Qe3 {[%clk 00:15:55]} {[%emt
00:04:46]} c6 {[%clk 00:10:40]} {[%emt 00:07:06]} 25. Nc7 {[%clk 00:14:08]}
{[%emt 00:02:17]} Qc8 {[%clk 00:10:51]} {[%emt 00:00:21]} 26. Nxa8 {[%clk
00:14:25]} {[%emt 00:00:13]} Nf4 {[%clk 00:10:46]} {[%emt 00:00:34]} 27. Ne1
{[%clk 00:07:32]} {[%emt 00:07:21]} Qg4 {[%clk 00:03:10]} {[%emt 00:08:07]} 28.
Rd2 {[%clk 00:04:22]} {[%emt 00:03:39]} Rg8 {[%clk 00:01:03]} {[%emt 00:02:38]}
29. f3 {[%clk 00:04:18]} {[%emt 00:00:34]} Qg3 {[%clk 00:01:15]} {[%emt
00:00:19]} 30. Rbd1 {[%clk 00:03:10]} {[%emt 00:01:37]} Qg5 {[%clk 00:00:50]}
{[%emt 00:00:56]} 31. Kf1 {[%clk 00:02:42]} {[%emt 00:00:56]} Qh4 {[%clk
00:00:44]} {[%emt 00:00:38]} 32. Rd8 {[%clk 00:02:05]} {[%emt 00:01:07]} Be8
{[%clk 00:01:01]} {[%emt 00:00:13]} 33. Nc7 {[%clk 00:01:53]} {[%emt 00:00:43]}
Nh5 {[%clk 00:00:51]} {[%emt 00:00:40]} 34. Ke2 {[%clk 00:00:56]} {[%emt
00:01:27]} Ng3+ {[%clk 00:00:41]} {[%emt 00:00:40]} 35. Kd3 {[%clk 00:01:11]}
{[%emt 00:00:15]} Nf1 {[%clk 00:00:39]} {[%emt 00:00:32]} 36. Qe2 {[%clk
00:00:59]} {[%emt 00:00:41]} Ng3 {[%clk 00:00:48]} {[%emt 00:00:21]} 37. Qf2
{[%clk 00:00:45]} {[%emt 00:00:43]} Bg6 {[%clk 00:00:39]} {[%emt 00:00:40]} 38.
Rxg8+ {[%clk 00:01:12]} {[%emt 00:00:04]} Kxg8 {[%clk 00:01:07]} {[%emt
00:00:02]} 39. Kc2 {[%clk 00:00:46]} {[%emt 00:00:54]} Qf4 {[%clk 00:00:39]}
{[%emt 00:00:59]} 40. Ne6 {[%clk 00:00:35]} {[%emt 00:00:41]} Nxe4 {[%clk
00:00:34]} {[%emt 00:00:35]} 41. Nxf4 {[%clk 00:00:40]} {[%emt 00:00:25]} Nxf2+
{[%clk 00:00:53]} {[%emt 00:00:11]} 42. Nxg6 {[%clk 00:01:09]} {[%emt
00:00:02]} Nxd1 {[%clk 00:01:15]} {[%emt 00:00:08]} 43. Kxd1 {[%clk 00:01:07]}
{[%emt 00:00:31]} hxg6 {[%clk 00:01:41]} {[%emt 00:00:04]} 44. c4 {[%clk
00:00:57]} {[%emt 00:00:40]} *